vufinder Bibliothèque Municipale de Charleval de Provence
Se connecter

long cri silencieux (Un)

peintures d'un déporté au camp de concentration de Neuengamme

Book Cover
Auteur principal: Pierre Fertil
D'autres auteurs: Simone Veil Philippe Dagen
Support: Livres
Langue: Francais
Publié: 2024 Cherche Midi Paris
Genre: Documentaire
Collection: Beaux livres
Sujets:
Étiquettes: Ajouter
Pas de Tags !

LEADER 01192nam0a2200229 450
001 16848294
010 |a 978-2-7491-8123-3  |b br.  |d 26,5 € 
100 |a 20240619d2024 u u0frey01 ba 
101 0 |a fre 
102 |a FR 
200 0 |a long cri silencieux (Un)  |e peintures d'un déporté au camp de concentration de Neuengamme  |f Pierre Fertil  |g préface Simone Veil - introduction Philippe Dagen 
207 1 |a   
210 |a Paris  |c Cherche Midi  |d 2024 
215 |a 1 vol.  |c illustrations en noir et en couleur  |d 25 x 20 cm 
225 1 |a Beaux livres 
330 |a Une centaine de peintures et de dessins de Pierre Fertil, ancien résistant déporté au camp de concentration de Neuengamme. Grâce à son utilisation de plusieurs techniques dont l'huile, l'aquarelle et le pastel, il montre l'horreur de la réalité des camps, de la faim à la maladie, en passant par les pendaisons, les fours crématoires, entre autres. Electre 2024 
700 0 |a Fertil  |b Pierre  |4 70 
702 0 |a Veil  |b Simone  |4 80 
702 0 |a Dagen  |b Philippe  |4 80 
900 |a Documentaire 
901 |a Accessible au prêt 
995 |a Bibliothèque  |c Bibliothèque  |f 00156011597069  |h 00156011597069  |k 758 FER  |o p  |q a  |r az  |e Bibliothèque 

Options de recherche

Historique de recherche
Recherche avancée

Trouver plus

Nouveautés

Besoin d'aide ?

Contacter un bibliothécaire